000 00736cam a2200253 4500
001 16158
010 _a9724104672
021 _b78213/94
090 _a16158
100 _a19950110d1994 d y0pory5003 ba
200 1 _aAs florestas
_fDougal Dixon, Fran—cois Carlier
_gtrad. e adapt. Maria Henriqueta Brito
_grev. Rosalina Pereira
205 _a2ª ed
210 9 _aPorto
_cAsa,
_d1994
215 _a38 p.
_cmuito il.
_d30 cm
225 2 _aAspectos da natureza
_v2
675 _a087.5
_vBN
_zpor
675 _a502.2
_vBN
_zpor
675 _a691.1(469)
_vBN
_zpor
700 1 _aDixon,
_bDougal,
_f1947-
701 1 _aCarlier,
_bFran—cois
702 1 _aBrito,
_bMaria Henriqueta
702 1 _aPereira,
_bRosalina
801 0 _aPT
_bBN
_gRPC
990 _cLIVROS